000 00788nam a22002057a 4500
003 OSt
005 20151016125401.0
008 130605s1997 sp ||||| |||| 00| 0 cat d
020 _a8449007879
040 _cCDMR
100 1 _93701
_aEspinet i Burunat, Francesc
245 1 0 _aNotícia, imatge, simulacre
_b: la recepció de la societat de comunicació de masses a Catalunya, de 1888 a 1939
_cFrancesc Espinat i Burunat
260 _aBellaterra (Barcelona)
_bUniversitat Autònoma de Barcelona. Servei de Publicacions
_c1997
300 _a347 p.
490 0 _aCiència i Tècnica. Història
_v8
650 0 4 _91448
_aMitjans de comunicació de massa
_zCatalunya
650 0 4 _93211
_aComunicació i cultura
_zCatalunya
710 2 _93477
_aUniversitat Autònoma de Barcelona
942 _2udc
_cMON
999 _c6415
_d6415